Exploring water resources / (Record no. 11802)

MARC details
000 -LEADER
fixed length control field 01150cam a2200313 i 4500
001 - CONTROL NUMBER
control field 14669120
003 - CONTROL NUMBER IDENTIFIER
control field EG-ScBUE
005 - DATE AND TIME OF LATEST TRANSACTION
control field 20260427091859.0
008 - FIXED-LENGTH DATA ELEMENTS--GENERAL INFORMATION
fixed length control field 061213t2007 cauab f 000 0 eng d
020 ## - INTERNATIONAL STANDARD BOOK NUMBER
International Standard Book Number 0495115126 (pbk.)
020 ## - INTERNATIONAL STANDARD BOOK NUMBER
International Standard Book Number 9780495115120
040 ## - CATALOGING SOURCE
Original cataloging agency DLC
Language of cataloging eng
Description conventions rda
Transcribing agency DLC
Modifying agency DLC
-- EG-ScBUE
082 04 - DEWEY DECIMAL CLASSIFICATION NUMBER
Classification number 551.48
Item number EXP
Edition number 22
245 00 - TITLE STATEMENT
Title Exploring water resources /
Statement of responsibility, etc Michelle K. Hall [and four others]
246 34 - VARYING FORM OF TITLE
Title proper/short title Exploring water resources :
Remainder of title GIS investigations for the earth sciences
250 ## - EDITION STATEMENT
Edition statement ArcGIS edition.
264 #1 - PUBLICATION, DISTRIBUTION, ETC. (IMPRINT)
Place of publication, distribution, etc Belmont, CA :
Name of publisher, distributor, etc Thomson /Brooks/Cole,
Date of publication, distribution, etc [2007]
264 #4 - PUBLICATION, DISTRIBUTION, ETC. (IMPRINT)
Date of publication, distribution, etc c2007
300 ## - PHYSICAL DESCRIPTION
Extent 160 pages :
Other physical details illustrations (some color), maps ;
Dimensions 28 cm
336 ## - CONTENT TYPE
Source rdacontent
Content type term text
Content type code txt
337 ## - MEDIA TYPE
Media type term unmediated
Source rdamedia
Media type code n
338 ## - CARRIER TYPE
Carrier type term volume
Carrier type code nc
Source rdacarrier
650 #7 - SUBJECT ADDED ENTRY--TOPICAL TERM
Topical term or geographic name as entry element Hydrology
General subdivision Data processing.
Source of heading or term BUEsh
9 (RLIN) 6059
650 #7 - SUBJECT ADDED ENTRY--TOPICAL TERM
Topical term or geographic name as entry element Geographic information systems.
Source of heading or term BUEsh
9 (RLIN) 6060
700 1# - ADDED ENTRY--PERSONAL NAME
Personal name Hall, Michelle K.,
Relator term author.
9 (RLIN) 6061
856 41 - ELECTRONIC LOCATION AND ACCESS
Materials specified Table of contents only
Uniform Resource Identifier <a href="http://www.loc.gov/catdir/toc/fy0708/2006906789.html">http://www.loc.gov/catdir/toc/fy0708/2006906789.html</a>
942 ## - ADDED ENTRY ELEMENTS (KOHA)
Source of classification or shelving scheme Dewey Decimal Classification
Koha item type Book - Borrowing
Holdings
Withdrawn status Lost status Source of classification or shelving scheme Damaged status Not for loan Collection code Home library Current library Shelving location Date acquired Source of acquisition Cost, normal purchase price Serial Enumeration / chronology Total Checkouts Full call number Barcode Date last seen Price effective from Koha item type
    Dewey Decimal Classification     Baccah Central Library Central Library First floor 10/06/2009 Purchase 192.00 7117   551.48 EXP 000016776 15/07/2025 10/06/2009 Book - Borrowing